000 00462nam a2200181Ia 4500
008 230711s9999||||xx |||||||||||||| ||und||
020 _a978-81-272-6773-5
041 _aENG
082 _a658.5
_bSR-S
100 _aSrivastava,Sachin
245 0 _aSupply Chain Management
250 _a1st Ed.
260 _c2009
_aNew Delhi
_bKalyani Publishers House
300 _a13.69p.
650 _aUNIVESITY BUSNIESS SCHOOL
700 _aParveen,Shagufta
942 _cBK
999 _c6792
_d6792